Ragionamenti : Sei giornate /

Saved in:
Bibliografiske detaljer
Hovedforfatter: Aretino, Pietro (Author)
Andre forfattere: Moravia, Alberto (Author of introduction, etc.), Marrone, Romualdo (Editor)
Format: Bog
Sprog:italiensk
Udgivet: Roma : Tascabili economici Newton, 1993
Udgivelse:Ed. integrale
Serier:I classici Superten ; 24
Tags: Tilføj Tag
Ingen Tags, Vær først til at tagge denne postø!

MARC

LEADER 00000nam a22000007i 4500
001 IT\ICCU\CFI\0275888
003 ItRI
005 20250314222335.0
008 940916s1993 it |||||| ||||| |||||c
020 |a 8879833456 
040 |b ita  |c ARCIGAY RIMINI 
041 7 |a ita  |2 ISO-639-2 
082 |a 853.3  |2 21 
100 1 |a Aretino, Pietro  |0 IT\ICCU\CFIV\045071  |4 aut 
240 1 0 |a Sei giornate  |9 Aretino, Pietro 
240 1 0 |a Ragionamenti  |9 Aretino, Pietro 
245 1 0 |a Ragionamenti :  |b Sei giornate /  |c Pietro Aretino ; a cura di Romualdo Marrone ; presentazione di Alberto Moravia. 
250 |a Ed. integrale 
260 |a Roma :  |b Tascabili economici Newton,  |c 1993 
300 |a 254 p. ;  |c 21 cm 
700 1 |a Moravia, Alberto  |0 IT\ICCU\CFIV\000648  |4 aui 
700 1 |a Marrone, Romualdo  |0 IT\ICCU\CFIV\043535  |4 edt 
830 2 |a I classici Superten ;  |v 24  |0 IT\ICCU\RAV\0225044 
942 |2 ddc  |c BK 
952 |0 0  |1 0  |2 ddc  |4 0  |6 853_300000000000000_ARE_RAG  |7 1  |9 3679  |a RN  |b RN  |d 2025-03-14  |l 0  |o 853.3 ARE RAG  |p 10938  |r 2025-03-14 22:24:03  |w 2025-03-14  |x DONAZIONE DI MARINA MAGGIOLI  |y BK  |z DONAZIONE DI MARINA MAGGIOLI 
981 1 |6 z01  |a i   |b xxxe  
982 1 |6 z01  |a n 
999 |c 2868  |d 2868